|
|
|
|
| LEADER |
00000nab a2200000 a 4500 |
| 001 |
vtls000882217 |
| 003 |
SK-MaSNL |
| 005 |
20260302170824.0 |
| 008 |
141112c2004 xo 0 slo |
| 015 |
|
|
|a SNBRB2004/08-24725
|
| 035 |
|
|
|a CLN000233710
|
| 040 |
|
|
|a SNKBUCL
|b slo
|c SNKBUCL
|e AACR2
|
| 041 |
0 |
|
|a slo
|
| 044 |
|
|
|a xo
|c SK
|
| 080 |
|
|
|a 616.44-006.6
|2 1997
|
| 100 |
1 |
|
|a Koreň, Ján
|4 aut
|9 5618
|
| 245 |
1 |
0 |
|a Karcinóm štítnej žľazy zo stĺpcovitých buniek - kazuistika
|c J. Koreň, Z. Opravil, P. Mukenšnábl
|
| 246 |
1 |
1 |
|a Columnar cell carcinoma of the thyroid gland (case report)
|
| 300 |
|
|
|b Obr.
|
| 504 |
|
|
|a Res. angl., slov.
|
| 504 |
|
|
|a Bibliogr. odkazy
|
| 650 |
0 |
7 |
|a nádory štítnej žľazy
|x diagnostika
|x etiológia
|2 MESH
|9 873945
|
| 650 |
0 |
7 |
|a karcinóm papilárny
|x klasifikácia
|2 MESH
|9 873946
|
| 650 |
0 |
7 |
|a kazuistika
|2 MESH
|9 19523
|
| 650 |
0 |
7 |
|a techniky cytologické
|x využitie
|2 MESH
|9 873947
|
| 650 |
0 |
7 |
|a výkony chirurgické operačné
|x metódy
|2 MESH
|9 858436
|
| 650 |
0 |
7 |
|a recidíva nádoru, lokálna
|2 MESH
|9 873948
|
| 655 |
|
7 |
|a články z novín a časopisov
|2 snkbucl
|9 267496
|
| 700 |
1 |
|
|a Opravil, Z.
|4 aut
|9 873949
|
| 700 |
1 |
|
|a Mukenšnabl, Petr,
|d 1955-
|4 aut
|9 85005
|
| 773 |
0 |
|
|t Česko-slovenská patologie a Soudní lékařství
|g Roč. 40, č. 2 (2004), s. 72-77
|x 1210-7875
|
| 850 |
|
|
|a Slovenská národná knižnica v Martine
|
| 852 |
|
|
|a SNK
|b KIS3GCP
|
| 958 |
|
|
|a MI
|
| 958 |
|
|
|a NB
|
| 999 |
|
|
|c 1393844
|d 1395774
|